Desarrollo de una metodología para la determinación de parámetros de generadores hidroeléctricos
Spremljeno u:
| Glavni autor: | |
|---|---|
| Format: | Knjiga |
| Izdano: |
[San José, Costa Rica]
2008
|
| Teme: | |
| Oznake: |
Dodaj oznaku
Bez oznaka, Budi prvi tko označuje ovaj zapis!
|
MARC
| LEADER | 00000nam a2200000Ia 4500 | ||
|---|---|---|---|
| 003 | 001363 | ||
| 005 | 20221231144049.0 | ||
| 008 | 140114s2008 cr a 000 ||s d | ||
| 040 | |c cru CEDI | ||
| 090 | |a TFG 5886 | ||
| 100 | |a Alvarado Alvarado, Alonso José |9 3779 | ||
| 245 | |a Desarrollo de una metodología para la determinación de parámetros de generadores hidroeléctricos | ||
| 260 | |c 2008 |b [San José, Costa Rica] | ||
| 300 | |a x, 76 hojas; ilustraciones a color | ||
| 500 | |a Tesis (licenciatura en ingeniería eléctrica)--Universidad de Costa Rica. Facultad de Ingeniería. Escuela de Ingeniería Eléctrica | ||
| 650 | |x GENERADORES HIDROELECTRICOS |x DINAMOS |x REGULADORES ELECTRICOS |x INGENIERÍA ELÉCTRICA |9 3778 | ||
| 942 | |c TFG | ||
| 999 | |c 16349 |d 16349 | ||
